Statistics for LUA Keywords

Click here to take the quiz!

General Stats

  • This quiz has been taken 42 times
  • The average score is 14 of 22

Answer Stats

Answer% Correct
if
94%
do
88%
else
88%
for
82%
in
76%
while
76%
and
71%
then
71%
false
65%
function
65%
or
65%
true
65%
elseif
59%
end
59%
local
59%
not
59%
return
53%
until
53%
break
47%
repeat
47%
nil
35%
goto
29%

Score Distribution

Percentile by Number Answered

Percent of People with Each Score

Your Score History

You have not taken this quiz